SHRP Archival Database B User's Manual Version 2.0 / (Record no. 2039)

000 -LEADER
fixed length control field 00313 a2200097 4500
082 ## - DEWEY DECIMAL CLASSIFICATION NUMBER
Classification number 025.04 GON
100 ## - MAIN ENTRY--PERSONAL NAME
Personal name Gonzalez, Mario J.
245 ## - TITLE STATEMENT
Title SHRP Archival Database B User's Manual Version 2.0 /
Statement of responsibility, etc. Mario J. Gonzalez
260 ## - PUBLICATION, DISTRIBUTION, ETC.
Place of publication, distribution, etc. Washington :
Name of publisher, distributor, etc. National Research Council,
Date of publication, distribution, etc. 1993
300 ## - PHYSICAL DESCRIPTION
Extent v, 72p. :
Other physical details ill. ;
Dimensions 30 cm
650 ## - SUBJECT ADDED ENTRY--TOPICAL TERM
Topical term or geographic name entry element Asphalt Database
Holdings
Withdrawn status Lost status Damaged status Not for loan Permanent Location Current Location Shelving location Date acquired Total Checkouts Full call number Barcode Date last seen Price effective from Koha item type
        School of Civil and Environmental Engineering (SCEE) School of Civil and Environmental Engineering (SCEE)       025.04 GON NIT-1456 01/05/2017 01/05/2017 Book
© 2023 Central Library, National University of Sciences and Technology. All Rights Reserved.